[Event "Bayerische EM 2021 - Männer"]
[Site "Schney"]
[Date "2021.08.23"]
[Round "3.17"]
[White "Stöckl, Stephan"]
[Black "Fuchs, Florian"]
[Result "1-0"]
[WhiteElo "2061"]
[BlackElo "1766"]
[PlyCount "59"]
[EventDate "2021.??.??"]
[WhiteTeam "SK Schwandorf"]
[BlackTeam "DJK SF Haselbach"]

1. Nf3 c5 2. c4 Nc6 3. g3 e5 4. Bg2 Nf6 5. Nc3 d6 6. O-O Be7 7. a3 Be6 8. d3 h6
9. Ne1 d5 10. cxd5 Nxd5 11. Bd2 O-O 12. Nc2 Nd4 13. Ne3 Nf6 14. Nc4 Bxc4 15.
dxc4 Qb6 16. e3 Nc6 17. Qc2 Rad8 18. Rad1 Rd7 19. Nd5 Nxd5 20. Bxd5 Bd6 21. Bc3
Qc7 22. f4 exf4 23. gxf4 Ne7 24. Qg2 g6 25. Qh3 Nxd5 26. Rxd5 h5 27. Rxh5 f6
28. Rh8+ Kf7 29. Qh7+ Ke6 30. f5+ 1-0

[Event "Bayerische EM 2021 - Männer"]
[Site "Schney"]
[Date "2021.08.23"]
[Round "3.18"]
[White "Birkholz, Olga"]
[Black "Kanewski, Josef"]
[Result "1/2-1/2"]
[WhiteElo "2018"]
[BlackElo "2084"]
[PlyCount "30"]
[EventDate "2021.??.??"]
[WhiteTeam "TSV Bindlach"]
[BlackTeam "SK Weiden"]

1. e4 c5 2. Nf3 Nc6 3. Bb5 g6 4. Nc3 Bg7 5. Bxc6 dxc6 6. d3 e5 7. h3 Ne7 8. Be3
b6 9. Qd2 h6 10. O-O-O Be6 11. Kb1 Qd7 12. Na4 Qb7 13. b3 O-O-O 14. Qc3 Qc7 15.
Bc1 f6 1/2-1/2

[Event "Bayerische EM 2021 - Männer"]
[Site "Schney"]
[Date "2021.08.24"]
[Round "4.1"]
[White "Miller, Eduard"]
[Black "Schulz, Lukas"]
[Result "0-1"]
[WhiteElo "2380"]
[BlackElo "2274"]
[PlyCount "80"]
[EventDate "2021.??.??"]
[WhiteTeam "SC Erlangen"]
[BlackTeam "SC Erlangen"]

1. d4 Nf6 2. c4 g6 3. Nc3 Bg7 4. e4 d6 5. Be2 O-O 6. Be3 e5 7. d5 Na6 8. g4 Nc5
9. Bf3 Nfd7 10. b4 Na6 11. a3 f5 12. h4 Nb6 13. c5 f4 14. cxb6 fxe3 15. fxe3
axb6 16. Ra2 Bd7 17. g5 Qe7 18. Rg2 Rf7 19. Be2 Bf8 20. Nh3 b5 21. Nxb5 c5 22.
dxc6 bxc6 23. Nc3 Be6 24. Nf2 Qa7 25. Rg3 Nc7 26. Nb1 c5 27. Ng4 cxb4 28. axb4
Bxg4 29. Bxg4 d5 30. Qb3 Bxb4+ 31. Qxb4 Rb8 32. Qd2 Rxb1+ 33. Bd1 Qa4 34. h5
Qxe4 35. Rgh3 gxh5 36. Rxh5 Rf3 37. R5h3 Ne6 38. g6 hxg6 39. Qc3 Rxh3 40. Rxh3
Rxd1+ 0-1

[Event "Bayerische EM 2021 - Männer"]
[Site "Schney"]
[Date "2021.08.24"]
[Round "4.2"]
[White "Ammon, Tobias"]
[Black "Reimann, Sebastian"]
[Result "0-1"]
[WhiteElo "2168"]
[BlackElo "2213"]
[PlyCount "66"]
[EventDate "2021.??.??"]
[WhiteTeam "SV Altensittenbach"]
[BlackTeam "SK Kriegshaber"]

1. e4 c5 2. Nf3 d6 3. Bb5+ Nd7 4. d4 cxd4 5. Qxd4 a6 6. Bxd7+ Bxd7 7. O-O e5 8.
Qd3 Rc8 9. c4 b5 10. Na3 b4 11. Nc2 Qc7 12. b3 Qb7 13. a3 Bc6 14. Nd2 a5 15.
axb4 axb4 16. Ne3 Ne7 17. Re1 Ng6 18. Nf5 Nf4 19. Qxd6 f6 20. g3 Rd8 21. Ra7
Nh3+ 22. Kg2 Bxd6 23. Rxb7 Bxb7 24. Kxh3 Bc5 25. Nxg7+ Kf7 26. Nh5 Rd3 27. Kg2
Ra8 28. Re2 Ra1 29. Bb2 Ra2 30. Nf3 Rxb2 31. Nxe5+ fxe5 32. Rxb2 Bxe4+ 33. Kh3
Bf5+ 0-1

[Event "Bayerische EM 2021 - Männer"]
[Site "Schney"]
[Date "2021.08.24"]
[Round "4.3"]
[White "Schmid, Roland"]
[Black "Wisnet, Dominic"]
[Result "0-1"]
[WhiteElo "2325"]
[BlackElo "2304"]
[PlyCount "110"]
[EventDate "2021.??.??"]
[WhiteTeam "Post Regensburg"]
[BlackTeam "SK Passau"]

1. c4 e5 2. Nc3 Nf6 3. Nf3 Nc6 4. e3 d6 5. d4 g6 6. b4 Bg7 7. b5 exd4 8. exd4
Ne7 9. Be2 O-O 10. O-O a6 11. a4 axb5 12. Nxb5 c6 13. Nc3 c5 14. Nb5 d5 15. Bf4
cxd4 16. Bc7 Qe8 17. c5 Ne4 18. Nfxd4 Nc6 19. Bf3 Nxd4 20. Nxd4 Qd7 21. Bd6
Nxd6 22. cxd6 Qxd6 23. Rb1 Rd8 24. g3 Qc5 25. Nb5 d4 26. Rc1 Qb4 27. Nc7 Ra5
28. Nd5 Qd6 29. Nf4 Bh6 30. Qd2 Rxa4 31. Rfe1 Bxf4 32. gxf4 d3 33. Re4 b5 34.
Rc3 Ra1+ 35. Kg2 Bf5 36. Re5 Rb1 37. Rcc5 Qb8 38. Be4 Bxe4+ 39. Rxe4 Qb7 40. f3
Qa7 41. Rce5 Qd7 42. f5 Qc6 43. Qh6 Rg1+ 44. Kxg1 d2 45. Re8+ Rxe8 46. Rxe8+
Qxe8 47. Qxd2 Qe7 48. fxg6 hxg6 49. Qd4 b4 50. Qd5 Qe3+ 51. Kg2 Qc3 52. h4 b3
53. h5 b2 54. hxg6 Qc2+ 55. Kh3 Qxg6 0-1

[Event "Bayerische EM 2021 - Männer"]
[Site "Schney"]
[Date "2021.08.24"]
[Round "4.4"]
[White "Schatz, Christian"]
[Black "Fuchs, Michael"]
[Result "1/2-1/2"]
[WhiteElo "2186"]
[BlackElo "2086"]
[PlyCount "28"]
[EventDate "2021.??.??"]
[WhiteTeam "SC Postbauer-Heng"]
[BlackTeam "DJK SF Haselbach"]

1. Nf3 Nf6 2. c4 c5 3. Nc3 d5 4. cxd5 Nxd5 5. g3 Nc6 6. Bg2 Nc7 7. O-O e5 8. d3
Be7 9. Nd2 Bd7 10. Nc4 O-O 11. f4 exf4 12. Bxf4 Ne6 13. Bd6 Bxd6 14. Nxd6 Qc7
1/2-1/2

[Event "Bayerische EM 2021 - Männer"]
[Site "Schney"]
[Date "2021.08.24"]
[Round "4.5"]
[White "Köhler, Lukas"]
[Black "Salvermoser, Bernd"]
[Result "1-0"]
[WhiteElo "2102"]
[BlackElo "2178"]
[PlyCount "93"]
[EventDate "2021.??.??"]
[WhiteTeam "SC Bamberg"]
[BlackTeam "SK Penzberg"]

1. d4 Nf6 2. c4 c5 3. d5 e6 4. Nc3 exd5 5. cxd5 d6 6. e4 g6 7. Be2 Bg7 8. Nf3
O-O 9. Nd2 Na6 10. O-O Rb8 11. Re1 Nc7 12. a4 a6 13. a5 Re8 14. f4 Bd7 15. Bf3
h5 16. h3 Nb5 17. e5 dxe5 18. fxe5 Nh7 19. e6 fxe6 20. Nxb5 axb5 21. Nb3 c4 22.
Nc5 e5 23. Nxd7 Qxd7 24. Be4 Nf8 25. Be3 Qd6 26. Qc2 Rec8 27. Rf1 Ra8 28. Qf2
Qd7 29. Bc5 Kh7 30. Bb4 Ra6 31. Qh4 Kg8 32. Rad1 Qd8 33. Qg3 Kh7 34. Rf7 Rc7
35. Rdf1 Rxf7 36. Rxf7 Qe8 37. Re7 Qb8 38. d6 Kh8 39. Rxb7 Qd8 40. Qf2 Rxd6 41.
Bxd6 Qxd6 42. Rb6 Qd1+ 43. Kh2 g5 44. Qf3 Qd2 45. a6 g4 46. hxg4 Qd8 47. a7 1-0

[Event "Bayerische EM 2021 - Männer"]
[Site "Schney"]
[Date "2021.08.24"]
[Round "4.6"]
[White "Willim, Michael"]
[Black "Böhme, Markus"]
[Result "1/2-1/2"]
[WhiteElo "2076"]
[BlackElo "2114"]
[PlyCount "73"]
[EventDate "2021.??.??"]
[WhiteTeam "SC Erlangen"]
[BlackTeam "SC Uttenreuth"]

1. d4 Nf6 2. c4 g6 3. Nc3 Bg7 4. e4 d6 5. Nf3 O-O 6. Be2 e5 7. Be3 exd4 8. Nxd4
Re8 9. f3 c6 10. Bf2 d5 11. exd5 cxd5 12. O-O Nc6 13. c5 Bd7 14. Re1 Nxd4 15.
Bxd4 a5 16. Qd2 Bc6 17. Rad1 Qd7 18. b3 Nh5 19. Bxg7 Nxg7 20. Nxd5 Bxd5 21.
Qxd5 Qxd5 22. Rxd5 Re7 23. Kf2 Rae8 24. Rd2 Ne6 25. Rc1 Rc8 26. Rd6 Nxc5 27.
Kf1 Rec7 28. Rb6 Rc6 29. Rxc6 Rxc6 30. Bb5 Rc7 31. a3 Kf8 32. b4 axb4 33. axb4
Ne6 34. Rxc7 Nxc7 35. Bc4 Ke7 36. Ke2 Na6 37. Bxa6 1/2-1/2

[Event "Bayerische EM 2021 - Männer"]
[Site "Schney"]
[Date "2021.08.24"]
[Round "4.7"]
[White "Großhans, Ralf-Michael"]
[Black "Homi, Joseph"]
[Result "1/2-1/2"]
[WhiteElo "2046"]
[BlackElo "2103"]
[PlyCount "65"]
[EventDate "2021.??.??"]
[WhiteTeam "SG Kuppenheim"]
[BlackTeam "SGem 1882 Fürth"]

1. e4 c6 2. d3 d5 3. Nd2 e5 4. Ngf3 Bd6 5. d4 exd4 6. exd5 Nf6 7. dxc6 Nxc6 8.
Be2 O-O 9. O-O Qc7 10. h3 Bf5 11. Nb3 Nb4 12. Bd3 Nxd3 13. cxd3 Qd7 14. Nh2
Rae8 15. Bg5 Nd5 16. Qf3 Nb4 17. Rfd1 Be6 18. Bf4 Be7 19. Qg3 Nxa2 20. Nxd4 Bf6
21. Nxe6 Qxe6 22. d4 Rd8 23. d5 Rxd5 24. Rxd5 Qxd5 25. Qa3 Qc4 26. Bd6 Rd8 27.
Be7 Bxe7 28. Qxe7 Rb8 29. Qa3 Nb4 30. Qxa7 Nc6 31. Qe3 h6 32. Nf3 Qb5 33. Qc3
1/2-1/2

[Event "Bayerische EM 2021 - Männer"]
[Site "Schney"]
[Date "2021.08.24"]
[Round "4.8"]
[White "Heimrath, Reiner"]
[Black "Steinhauer, Artur"]
[Result "1-0"]
[WhiteElo "2170"]
[BlackElo "1580"]
[PlyCount "107"]
[EventDate "2021.??.??"]
[WhiteTeam "SC N-T Nürnberg"]
[BlackTeam "SC Bavaria Regensburg"]

1. e4 c6 2. Nc3 d5 3. d3 dxe4 4. Nxe4 Nd7 5. Qe2 e6 6. g3 Ngf6 7. Bg2 Be7 8.
Nf3 O-O 9. O-O Nxe4 10. dxe4 e5 11. b3 Re8 12. Bb2 Bf6 13. a4 Qc7 14. a5 Nf8
15. Qc4 Be6 16. Qc3 Bg4 17. Qe3 Bxf3 18. Bxf3 Ne6 19. c3 Bg5 20. Qe2 Rad8 21.
Qc4 Be7 22. Bg4 Nc5 23. Bc1 b5 24. axb6 axb6 25. b4 b5 26. Qe2 Nb3 27. Rb1 Nxc1
28. Rbxc1 Bg5 29. Rc2 Qd6 30. c4 bxc4 31. Qxc4 Rb8 32. Qxc6 Qxc6 33. Rxc6 Bd8
34. Bd7 Re7 35. Rd1 Bb6 36. Rd5 Bd4 37. b5 g6 38. Kg2 Bb6 39. Rcd6 Kg7 40. Bc6
h6 41. Rd7 Re6 42. h4 g5 43. h5 g4 44. R5d6 Rf6 45. Rxf6 Kxf6 46. Bd5 Kg5 47.
Rxf7 Kxh5 48. Rg7 Rf8 49. Bf7+ Rxf7 50. Rxf7 Kg6 51. Rd7 Bd4 52. b6 Kf6 53.
Rxd4 exd4 54. b7 1-0

[Event "Bayerische EM 2021 - Männer"]
[Site "Schney"]
[Date "2021.08.24"]
[Round "4.9"]
[White "Brunner, Tobias"]
[Black "Reis, Gerhard"]
[Result "1/2-1/2"]
[WhiteElo "1998"]
[BlackElo "2223"]
[PlyCount "61"]
[EventDate "2021.??.??"]
[WhiteTeam "SC Windischeschenbach"]
[BlackTeam "SW Nürnberg Süd"]

1. e4 c5 2. Nc3 Nc6 3. g3 g6 4. Bg2 Bg7 5. d3 d6 6. f4 e6 7. Nf3 Nge7 8. O-O
O-O 9. a4 Rb8 10. Ne2 b6 11. c3 Ba6 12. h3 d5 13. e5 f6 14. exf6 Bxf6 15. Re1
Qd6 16. Kh1 Nf5 17. g4 Nh4 18. Nxh4 Bxh4 19. Rf1 Bf6 20. f5 gxf5 21. gxf5 Be5
22. d4 cxd4 23. cxd4 Bxe2 24. Qxe2 Nxd4 25. Qg4+ Kh8 26. fxe6 Rxf1+ 27. Bxf1
Rg8 28. Qh5 Qxe6 29. Bd3 Qe7 30. Bxh7 Qxh7 31. Qxe5+ 1/2-1/2

[Event "Bayerische EM 2021 - Männer"]
[Site "Schney"]
[Date "2021.08.24"]
[Round "4.10"]
[White "Schmid, Franz"]
[Black "Lohr, Maximilian"]
[Result "0-1"]
[WhiteElo "2197"]
[BlackElo "2011"]
[PlyCount "90"]
[EventDate "2021.??.??"]
[WhiteTeam "SK Passau"]
[BlackTeam "FC Ergolding"]

1. Nf3 Nf6 2. g3 c5 3. Bg2 e6 4. O-O Nc6 5. c4 g6 6. d4 cxd4 7. Nxd4 Bg7 8. Nb5
O-O 9. Nd6 Ne8 10. Nc3 Nxd6 11. Qxd6 Qe7 12. Bf4 e5 13. Qxe7 Nxe7 14. Be3 d6
15. Nb5 Nf5 16. Bxa7 Bd7 17. a4 Bc6 18. e4 Nd4 19. Bb6 Ra6 20. Nxd4 exd4 21. a5
Re8 22. f3 Raa8 23. b4 Bd7 24. Ra3 Rac8 25. Rc1 Bb5 26. Bf1 Bh6 27. Rd1 Bxc4
28. Bh3 Be3+ 29. Rxe3 dxe3 30. Bxe3 Be6 31. Bf1 Bc4 32. Rxd6 Bxf1 33. Kxf1 Red8
34. e5 Rxd6 35. exd6 Kf8 36. Bb6 Rc1+ 37. Ke2 Ke8 38. Kd2 Rh1 39. h4 Kd7 40.
Bc5 Rh3 41. b5 Rxg3 42. a6 bxa6 43. b6 Rxf3 44. Kc2 Rf5 45. b7 Rxc5+ 0-1

[Event "Bayerische EM 2021 - Männer"]
[Site "Schney"]
[Date "2021.08.24"]
[Round "4.11"]
[White "Löw, Gerald"]
[Black "Bunk, Wolfgang"]
[Result "1/2-1/2"]
[WhiteElo "2166"]
[BlackElo "2025"]
[PlyCount "44"]
[EventDate "2021.??.??"]
[WhiteTeam "TSV Bindlach"]
[BlackTeam "SC Bavaria Regensburg"]

1. c4 c6 2. e4 d5 3. exd5 cxd5 4. cxd5 Nf6 5. Nc3 Nxd5 6. Nf3 e6 7. d4 Nxc3 8.
bxc3 Qc7 9. Qc2 Nd7 10. Bd3 b6 11. Bg5 Bb7 12. O-O Bd6 13. Be4 Bxe4 14. Qxe4
O-O 15. Rac1 Rac8 16. c4 e5 17. Rfd1 Qc6 18. Qh4 Ba3 19. Rc3 Bb4 20. Rcc1 Ba3
21. Rc3 Bb4 22. Rcc1 Ba3 1/2-1/2

[Event "Bayerische EM 2021 - Männer"]
[Site "Schney"]
[Date "2021.08.24"]
[Round "4.12"]
[White "Delitzsch, Jürgen"]
[Black "Link, Klaus"]
[Result "1/2-1/2"]
[WhiteElo "2110"]
[BlackElo "1982"]
[PlyCount "105"]
[EventDate "2021.??.??"]
[WhiteTeam "TSV Bindlach"]
[BlackTeam "SK Klingenberg"]

1. e4 c5 2. Nf3 Nc6 3. Bb5 e6 4. O-O Nge7 5. Re1 a6 6. Bf1 g6 7. c3 Bg7 8. d4
cxd4 9. cxd4 d5 10. e5 O-O 11. Na3 Qb6 12. Nc2 Bd7 13. b3 Rac8 14. Ba3 a5 15.
Bc5 Qd8 16. Qd2 Re8 17. Bd3 Nf5 18. Bxf5 exf5 19. Bd6 Be6 20. Rac1 Na7 21. a4
b5 22. Bc5 Ra8 23. Na3 bxa4 24. bxa4 Bd7 25. Qc2 Bh6 26. Rb1 Qc8 27. Nb5 Nxb5
28. axb5 Rb8 29. b6 Qa6 30. Qa2 Bc6 31. h4 a4 32. Rb2 Re6 33. Reb1 Rb7 34. Ng5
Bxg5 35. hxg5 Qd3 36. Re1 f4 37. Qb1 Qf5 38. Qxf5 gxf5 39. Rc1 Bd7 40. Bd6 Re8
41. Rc7 Rxc7 42. Bxc7 a3 43. Ra2 Bc6 44. Rxa3 Ra8 45. Rxa8+ Bxa8 46. Bd6 Kg7
47. Kf1 Kg6 48. Be7 f3 49. gxf3 f4 50. Kg2 Bb7 51. Kh3 Kh5 52. Kg2 Ba6 53. Kh2
1/2-1/2

[Event "Bayerische EM 2021 - Männer"]
[Site "Schney"]
[Date "2021.08.24"]
[Round "4.13"]
[White "Sesselmann, Christoph"]
[Black "Stöckl, Stephan"]
[Result "1-0"]
[WhiteElo "1887"]
[BlackElo "2061"]
[PlyCount "53"]
[EventDate "2021.??.??"]
[WhiteTeam "SK Kulmbach"]
[BlackTeam "SK Schwandorf"]

1. d4 Nf6 2. Nc3 d5 3. Bg5 Nbd7 4. f3 h6 5. Bh4 e6 6. e4 dxe4 7. fxe4 Be7 8. e5
Nd5 9. Bxe7 Qxe7 10. Qd2 Nxc3 11. bxc3 b6 12. Nf3 Bb7 13. Bd3 c5 14. O-O O-O
15. Qe3 Rac8 16. Nd2 Bd5 17. Ne4 c4 18. Nf6+ gxf6 19. exf6 Nxf6 20. Qxh6 Ne4
21. Rf3 Qg5 22. Rg3 Qxg3 23. hxg3 cxd3 24. cxd3 Nd6 25. c4 Bb7 26. Qg5+ Kh7 27.
Kf2 1-0

[Event "Bayerische EM 2021 - Männer"]
[Site "Schney"]
[Date "2021.08.24"]
[Round "4.14"]
[White "Wunder, Stefan"]
[Black "Heimerl, Detlev"]
[Result "1-0"]
[WhiteElo "2024"]
[BlackElo "1940"]
[PlyCount "105"]
[EventDate "2021.??.??"]
[WhiteTeam "FC Nordhalben"]
[BlackTeam "SF Kirchenlamitz"]

1. Nf3 d5 2. g3 Nf6 3. Bg2 c6 4. O-O Bf5 5. d3 e6 6. Nbd2 Nbd7 7. c4 Be7 8. b3
O-O 9. Bb2 h6 10. Qb1 Ne8 11. b4 Bf6 12. Bxf6 Nexf6 13. b5 Rb8 14. Qb2 dxc4 15.
Nxc4 cxb5 16. Qxb5 b6 17. Nd4 a6 18. Qb2 b5 19. Ne3 Qb6 20. Nexf5 exf5 21. Nxf5
Rfe8 22. Rac1 Nc5 23. Rc2 Na4 24. Qc1 Qe6 25. e4 Rb6 26. Rd1 b4 27. Rc4 Nc3 28.
Rd2 Rd8 29. Nd4 Qe8 30. Qc2 a5 31. Ne2 Nxe2+ 32. Rxe2 a4 33. d4 b3 34. axb3
axb3 35. Qc3 Qe7 36. Rc5 Qd7 37. d5 Qb7 38. Rb2 Ra8 39. h3 Ra2 40. e5 Rxb2 41.
Qxb2 Nd7 42. d6 Qa6 43. Rc7 Qa2 44. Rc8+ Kh7 45. Be4+ g6 46. Qd4 Rb8 47. Rxb8
Nxb8 48. e6 fxe6 49. Qf6 Kg8 50. Qxe6+ Kf8 51. Qe7+ Kg8 52. Bd5+ Kh8 53. Qf8+
1-0

[Event "Bayerische EM 2021 - Männer"]
[Site "Schney"]
[Date "2021.08.24"]
[Round "4.15"]
[White "Reimann, Matthias"]
[Black "Bratu, Mircea"]
[Result "1-0"]
[WhiteElo "2017"]
[BlackElo "1715"]
[PlyCount "75"]
[EventDate "2021.??.??"]
[WhiteTeam "SK Kriegshaber"]
[BlackTeam "SG Schwabing München"]

1. d4 d5 2. Nf3 Nf6 3. g3 e6 4. Bg2 Be7 5. O-O O-O 6. c4 dxc4 7. Qc2 b6 8. Qxc4
Bb7 9. Nc3 Nbd7 10. Rd1 c5 11. dxc5 Bxc5 12. Qa4 a6 13. Bg5 Qc7 14. Rac1 b5 15.
Qh4 h6 16. Bd2 Qb6 17. Rf1 e5 18. b4 Be7 19. g4 e4 20. Be3 exf3 21. Bxb6 fxg2
22. Rfd1 Nxb6 23. Qg3 Nbd5 24. Nxd5 Nxd5 25. a3 Bg5 26. e3 Rac8 27. Rxc8 Rxc8
28. Qxg2 Rc2 29. Qe4 Re2 30. Rxd5 Bxd5 31. Qxd5 Bh4 32. Qa8+ Kh7 33. Qxa6 Ra2
34. Qxb5 Rxa3 35. Qf5+ Kg8 36. b5 Ra8 37. b6 Bd8 38. b7 1-0

[Event "Bayerische EM 2021 - Männer"]
[Site "Schney"]
[Date "2021.08.24"]
[Round "4.16"]
[White "Kocak, Ediz"]
[Black "Gebhardt, Christian"]
[Result "1-0"]
[WhiteElo "1996"]
[BlackElo "1884"]
[PlyCount "120"]
[EventDate "2021.??.??"]
[WhiteTeam "SGem 1882 Fürth"]
[BlackTeam "SV Seubelsdorf"]

1. d4 d5 2. Bf4 Nf6 3. e3 c5 4. c3 Nc6 5. Nd2 Bf5 6. Qb3 Qd7 7. Ngf3 c4 8. Qd1
e6 9. Nh4 Bd6 10. Nxf5 exf5 11. Bxd6 Qxd6 12. b3 cxb3 13. axb3 O-O 14. g3 Rfe8
15. Be2 Rac8 16. O-O g6 17. Ra4 h5 18. h4 Ne4 19. Nxe4 fxe4 20. c4 a6 21. Qd2
Ne7 22. Qb4 Qd7 23. Kg2 Rc7 24. Qa5 Kg7 25. Ra2 Rec8 26. Rb1 Qd6 27. c5 Qf6 28.
b4 Nf5 29. Rh1 Rd7 30. b5 Nxd4 31. exd4 Qxd4 32. Rd1 Qxc5 33. bxa6 bxa6 34.
Bxa6 Rcc7 35. Qxc5 Rxc5 36. Rad2 Kf6 37. f4 exf3+ 38. Kxf3 g5 39. hxg5+ Kxg5
40. Rd4 Rc3+ 41. Bd3 Rd8 42. Rd2 Kf6 43. Rh2 Kg5 44. Rhh4 Ra3 45. Rhf4 Rd7 46.
Kg2 Ra2+ 47. Kh3 Rb2 48. Rf5+ Kh6 49. Rh4 Kg7 50. Rhxh5 Rd2 51. Rf3 Rd6 52. g4
Rh6 53. Rxh6 Kxh6 54. Kg3 Kg7 55. Kf4 f6 56. Bf5 Rd1 57. Rd3 Rf1+ 58. Ke3 Re1+
59. Kd4 Re5 60. Re3 Rxe3 1-0

[Event "Bayerische EM 2021 - Männer"]
[Site "Schney"]
[Date "2021.08.24"]
[Round "4.17"]
[White "Kanewski, Josef"]
[Black "Bruss, Robert"]
[Result "1-0"]
[WhiteElo "2084"]
[BlackElo "1800"]
[PlyCount "65"]
[EventDate "2021.??.??"]
[WhiteTeam "SK Weiden"]
[BlackTeam "SGem 1882 Fürth"]

1. d4 Nf6 2. c4 e6 3. Nc3 Bb4 4. Bg5 h6 5. Bh4 c5 6. d5 d6 7. e3 g5 8. Bg3 Ne4
9. Qc2 Bxc3+ 10. bxc3 Nxg3 11. hxg3 Kf8 12. Bd3 Kg7 13. f4 Qe7 14. e4 exd5 15.
cxd5 c4 16. Bxc4 f5 17. O-O-O fxe4 18. Re1 Re8 19. Nf3 Nd7 20. Nd4 Nc5 21. Ne6+
Bxe6 22. dxe6 d5 23. Bxd5 Nd3+ 24. Kb1 Nxe1 25. Rxe1 Rac8 26. Rxe4 Qf6 27. Kb2
Rc5 28. Bb3 Rec8 29. Re3 R8c7 30. Qd2 gxf4 31. gxf4 a5 32. Qd4 Rf5 33. e7 1-0

[Event "Bayerische EM 2021 - Männer"]
[Site "Schney"]
[Date "2021.08.24"]
[Round "4.18"]
[White "Fuchs, Florian"]
[Black "Birkholz, Olga"]
[Result "1-0"]
[WhiteElo "1766"]
[BlackElo "2018"]
[PlyCount "81"]
[EventDate "2021.??.??"]
[WhiteTeam "DJK SF Haselbach"]
[BlackTeam "TSV Bindlach"]

1. e4 d6 2. d4 g6 3. c4 Bg7 4. Nc3 e6 5. Be3 f5 6. exf5 exf5 7. h4 Nf6 8. h5
Qe7 9. Be2 Be6 10. hxg6 hxg6 11. Rxh8+ Bxh8 12. Nh3 Bf7 13. Qb3 c6 14. O-O-O
Na6 15. Bf3 Kf8 16. d5 c5 17. Ng5 Rb8 18. Nb5 Ne8 19. Bf4 b6 20. Kd2 Be5 21.
Qe3 Nf6 22. Rh1 Bg8 23. g3 Re8 24. Qd3 Nb4 25. Qf1 Ne4+ 26. Bxe4 Bxf4+ 27. gxf4
fxe4 28. Qh3 Qf6 29. Qh6+ Ke7 30. Nxe4 Qxb2+ 31. Ke3 Nc2+ 32. Kf3 Nd4+ 33. Nxd4
Qxd4 34. Qxg6 Rd8 35. f5 Qd3+ 36. Kf4 Qxc4 37. f6+ Kd7 38. f7 Qxd5 39. Nf6+ Kc6
40. Nxd5 Bxf7 41. Qxf7 1-0

[Event "Bayerische EM 2021 - Männer"]
[Site "Schney"]
[Date "2021.08.25"]
[Round "5.1"]
[White "Schulz, Lukas"]
[Black "Reimann, Sebastian"]
[Result "1/2-1/2"]
[WhiteElo "2274"]
[BlackElo "2213"]
[PlyCount "149"]
[EventDate "2021.??.??"]
[WhiteTeam "SC Erlangen"]
[BlackTeam "SK Kriegshaber"]

1. e4 c5 2. Nf3 d6 3. d4 cxd4 4. Nxd4 Nf6 5. Nc3 Nc6 6. g3 g6 7. Bg2 Bd7 8. O-O
Bg7 9. Re1 O-O 10. Nxc6 bxc6 11. Na4 Bg4 12. Qd2 Nd7 13. Rb1 Ne5 14. b3 Bf3 15.
Bb2 Bxg2 16. Kxg2 f5 17. f4 Ng4 18. Bxg7 Kxg7 19. c4 fxe4 20. Rxe4 d5 21. Nc5
dxe4 22. Ne6+ Kg8 23. Nxd8 Raxd8 24. Qe2 Nf6 25. Rd1 c5 26. Rxd8 Rxd8 27. a3 a5
28. Qe1 Rd3 29. Qxa5 Rxb3 30. Qxc5 Kf7 31. a4 h5 32. a5 Rb2+ 33. Kf1 Rb1+ 34.
Ke2 Rb2+ 35. Ke1 Ra2 36. h4 e3 37. Qxe3 Rxa5 38. c5 Ra1+ 39. Ke2 Ra2+ 40. Kf3
Ra7 41. Qb3+ e6 42. Ke3 Rd7 43. c6 Rc7 44. f5 gxf5 45. Kd4 Nd5 46. Qf3 Rxc6 47.
Qxh5+ Ke7 48. Qh8 Rc1 49. Qg7+ Kd6 50. Qf8+ Kd7 51. h5 Rd1+ 52. Kc5 Rc1+ 53.
Kb5 Rb1+ 54. Ka4 Nb6+ 55. Ka3 Nc4+ 56. Ka2 Rb2+ 57. Ka1 Rh2 58. h6 Nd6 59. Qg7+
Ke8 60. Qf6 Nf7 61. Qxe6+ Kf8 62. Qxf5 Rxh6 63. Kb2 Kg7 64. Kc3 Rd6 65. Kc4 Kg8
66. Kc5 Kg7 67. Qg4+ Kf6 68. Qg8 Rd8 69. Qh7 Rh8 70. Qe4 Rd8 71. Qh4+ Kg7 72.
Qf4 Rd6 73. g4 Rd8 74. Qe3 Rd6 75. Qc3+ 1/2-1/2

[Event "Bayerische EM 2021 - Männer"]
[Site "Schney"]
[Date "2021.08.25"]
[Round "5.2"]
[White "Wisnet, Dominic"]
[Black "Köhler, Lukas"]
[Result "1-0"]
[WhiteElo "2304"]
[BlackElo "2102"]
[PlyCount "125"]
[EventDate "2021.??.??"]
[WhiteTeam "SK Passau"]
[BlackTeam "SC Bamberg"]

1. Nf3 Nf6 2. c4 g6 3. g3 Bg7 4. Bg2 O-O 5. O-O d6 6. Nc3 e5 7. d3 Re8 8. Ne1
c6 9. Nc2 Be6 10. e4 Qd7 11. Re1 d5 12. exd5 cxd5 13. d4 exd4 14. Nxd4 Nc6 15.
Nxe6 fxe6 16. cxd5 exd5 17. Rxe8+ Rxe8 18. Nxd5 Rd8 19. Bg5 Qf7 20. Bxf6 Bxf6
21. Nxf6+ Qxf6 22. Qb3+ Qf7 23. Qxf7+ Kxf7 24. Rc1 Rd6 25. Kf1 Ke7 26. Bxc6
bxc6 27. Rc4 a5 28. Ke2 Re6+ 29. Kd3 Kd6 30. Re4 Rf6 31. f4 Rf5 32. Rd4+ Ke6
33. Kc4 Rb5 34. Rd2 h5 35. b3 g5 36. Re2+ Kf6 37. Rf2 gxf4 38. Rxf4+ Ke6 39.
Kd3 Rd5+ 40. Ke3 Rg5 41. Kf3 Rd5 42. Ke3 Rg5 43. Ra4 Kd6 44. Re4 Kd5 45. Kf3
Kc5 46. h3 Rd5 47. Ke3 Rf5 48. g4 hxg4 49. hxg4 Rf1 50. Ra4 Kb5 51. Ke4 Rg1 52.
Kf5 Rg2 53. g5 Rf2+ 54. Ke5 Rg2 55. Kf6 Rf2+ 56. Kg7 c5 57. g6 c4 58. Rxc4 Rxa2
59. Kf6 Rf2+ 60. Kg5 Rf8 61. g7 Rg8 62. Kf6 Ra8 63. Rg4 1-0

[Event "Bayerische EM 2021 - Männer"]
[Site "Schney"]
[Date "2021.08.25"]
[Round "5.3"]
[White "Homi, Joseph"]
[Black "Miller, Eduard"]
[Result "0-1"]
[WhiteElo "2103"]
[BlackElo "2380"]
[PlyCount "82"]
[EventDate "2021.??.??"]
[WhiteTeam "SGem 1882 Fürth"]
[BlackTeam "SC Erlangen"]

1. e4 c5 2. Nf3 Nc6 3. d4 cxd4 4. Nxd4 e5 5. Nb5 a6 6. Nd6+ Bxd6 7. Qxd6 Qe7 8.
Qd1 Nf6 9. Nc3 d6 10. Be3 Be6 11. Qd2 O-O 12. O-O-O Rad8 13. Nd5 Bxd5 14. exd5
Nb8 15. Be2 Ne4 16. Qd3 f5 17. g4 Qh4 18. Rdf1 Nd7 19. f3 Nec5 20. Qd2 f4 21.
Bf2 Qe7 22. Bd3 Rc8 23. Bf5 Rc7 24. Re1 b5 25. h4 Nb6 26. Bxc5 Rxc5 27. Be6+
Kh8 28. b3 Qb7 29. Rd1 a5 30. Kb1 a4 31. Ka1 Qc7 32. Rh2 Rc3 33. Rf2 Qc5 34.
Bf5 Ra8 35. Kb1 b4 36. Be4 Qa5 37. Qe1 axb3 38. cxb3 Rxb3+ 39. axb3 Qa1+ 40.
Kc2 Ra2+ 41. Kd3 Qd4# 0-1

[Event "Bayerische EM 2021 - Männer"]
[Site "Schney"]
[Date "2021.08.25"]
[Round "5.4"]
[White "Willim, Michael"]
[Black "Schatz, Christian"]
[Result "1/2-1/2"]
[WhiteElo "2076"]
[BlackElo "2186"]
[PlyCount "21"]
[EventDate "2021.??.??"]
[WhiteTeam "SC Erlangen"]
[BlackTeam "SC Postbauer-Heng"]

1. d4 Nf6 2. c4 g6 3. Nc3 Bg7 4. e4 d6 5. Nf3 O-O 6. Be2 e5 7. Be3 Ng4 8. Bg5
f6 9. Bc1 Nh6 10. O-O Nc6 11. h3 1/2-1/2

[Event "Bayerische EM 2021 - Männer"]
[Site "Schney"]
[Date "2021.08.25"]
[Round "5.5"]
[White "Fuchs, Michael"]
[Black "Heimrath, Reiner"]
[Result "0-1"]
[WhiteElo "2086"]
[BlackElo "2170"]
[PlyCount "88"]
[EventDate "2021.??.??"]
[WhiteTeam "DJK SF Haselbach"]
[BlackTeam "SC N-T Nürnberg"]

1. e4 e5 2. Nf3 Nc6 3. Bb5 f5 4. Qe2 Qe7 5. Nc3 Nf6 6. exf5 e4 7. Bxc6 dxc6 8.
Nd4 Qe5 9. Ne6 Bxe6 10. fxe6 Bd6 11. f3 exf3 12. gxf3 O-O-O 13. Qxe5 Bxe5 14.
d3 Bxc3+ 15. bxc3 Rhe8 16. Bd2 Rxe6+ 17. Kf2 Rd5 18. c4 Rh5 19. Rag1 g6 20. Rg5
Re5 21. h4 Rf5 22. Kg3 Rhxg5+ 23. hxg5 Nh5+ 24. Kf2 Kd7 25. a4 b6 26. Re1 Rf7
27. a5 Ng7 28. axb6 cxb6 29. Ra1 Ke6 30. c5 bxc5 31. Be3 Kd6 32. Ra5 Ne6 33. c3
Rb7 34. Kg3 Kc7 35. Bxc5 Nxc5 36. Rxc5 Rb5 37. Rxb5 cxb5 38. Kf2 a5 39. Ke2 Kd6
40. Kd2 Ke5 41. Kc2 Kf4 42. c4 bxc4 43. dxc4 Ke5 44. Kc3 Kd6 0-1